000
00217 a2200097 4500
001
27758
100
_a
Toynbee, A
245
_a
Choose life a dialogue
260
_a
_b
Oxford University Press
_c
090
_c
18548
_d
18548
942
_a
NUST-CAE
_c
M
_c
9500
999
_c
262831
_d
262831